000 01138nam a2200229Ia 4500
999 _c40354
_d40354
001 6962
003 GE_BSU
005 20190626204203.0
008 181216s1976|||| |||||||||||||| ||geo||
041 _ageo
080 _a621.3.83(075.8) ჩ-61
100 _aჩილიკინი,მ.
_92979
245 _aელექტროამძრავის ზოგადი კურსი : სახელმძღვ. /
_cმ. ჩილიკინი ; მთარგნ. ი.კოტარია ; რედ : ჩ. გურგენიძე.
250 _aთარგ. მეხუთე შევსებული და გადამუშ. გამ-დან.
264 _aთბილისი :
_bგანათლება,
_c1976.
300 _a526 გვ .:
_bნახაზ.
_c22 სმ.
653 _aელექტროამძრავის ზოგადი კურსი
653 _aტექნიკა
700 _aკოტარია, ი
_eმთარგმნელი
_92977
700 _aგურგენიძე, გ
_eრედაქტორი
_92980
942 _cBK
_2udc